|
|
|
|
| LEADER |
01879nam a22004815i 4500 |
| 001 |
978-3-540-73552-6 |
| 003 |
DE-He213 |
| 005 |
20151204151142.0 |
| 007 |
cr nn 008mamaa |
| 008 |
150519s2007 gw | s |||| 0|eng d |
| 020 |
|
|
|a 9783540735526
|9 978-3-540-73552-6
|
| 024 |
7 |
|
|a 10.1007/978-3-540-73552-6
|2 doi
|
| 040 |
|
|
|d GrThAP
|
| 050 |
|
4 |
|a QD380-388
|
| 072 |
|
7 |
|a PNNP
|2 bicssc
|
| 072 |
|
7 |
|a TEC055000
|2 bisacsh
|
| 082 |
0 |
4 |
|a 541.2254
|2 23
|
| 245 |
1 |
0 |
|a Phase-Separated Interpenetrating Polymer Networks
|h [electronic resource].
|
| 264 |
|
1 |
|a Berlin, Heidelberg :
|b Springer Berlin Heidelberg,
|c 2007.
|
| 300 |
|
|
|a X, 234 p.
|b online resource.
|
| 336 |
|
|
|a text
|b txt
|2 rdacontent
|
| 337 |
|
|
|a computer
|b c
|2 rdamedia
|
| 338 |
|
|
|a online resource
|b cr
|2 rdacarrier
|
| 347 |
|
|
|a text file
|b PDF
|2 rda
|
| 490 |
1 |
|
|a Advances in Polymer Science,
|x 0065-3195 ;
|v 208
|
| 505 |
0 |
|
|a Contents -- Thermodynamics and Phase Separation in IPNs -- Heterogeneous Structure and Morphology of IPNs -- Relaxation Transitions and Viscoelasticity of IPNs -- Chemical Kinetics of IPNs Formation and Phase Separation -- Compatibilization in Phase-Separated IPNs.
|
| 650 |
|
0 |
|a Chemistry.
|
| 650 |
|
0 |
|a Polymers.
|
| 650 |
|
0 |
|a Amorphous substances.
|
| 650 |
|
0 |
|a Complex fluids.
|
| 650 |
|
0 |
|a Materials
|x Surfaces.
|
| 650 |
|
0 |
|a Thin films.
|
| 650 |
1 |
4 |
|a Chemistry.
|
| 650 |
2 |
4 |
|a Polymer Sciences.
|
| 650 |
2 |
4 |
|a Surfaces and Interfaces, Thin Films.
|
| 650 |
2 |
4 |
|a Soft and Granular Matter, Complex Fluids and Microfluidics.
|
| 710 |
2 |
|
|a SpringerLink (Online service)
|
| 773 |
0 |
|
|t Springer eBooks
|
| 776 |
0 |
8 |
|i Printed edition:
|z 9783540730712
|
| 830 |
|
0 |
|a Advances in Polymer Science,
|x 0065-3195 ;
|v 208
|
| 856 |
4 |
0 |
|u http://dx.doi.org/10.1007/978-3-540-73552-6
|z Full Text via HEAL-Link
|
| 912 |
|
|
|a ZDB-2-CMS
|
| 950 |
|
|
|a Chemistry and Materials Science (Springer-11644)
|